000 00176nam a2200073Ia 4500
008 170524s9999 xx 000 0 und d
100 _aSINHA- PK
245 0 _aCOMPUTER FUNDAMENTALS
260 _bBPB PUBLICATIONS
999 _c8145
_d8145